LEADER 00857nam0 2200277 450 001 000026981 005 20100120145607.0 100 $a20100120d2009----km-y0itay50------ba 101 0 $aita 102 $aIT 105 $ay-------001yy 200 1 $aXV secolo- Il Portogallo$ee l'epopea marittima delle grandi scoperte geografiche$fRaffaele Gargiulo 210 $aRoma$cRivista maritima$d2009 215 $a72 p.$cfoto 410 0$12001$aSupplemento alla Rivista marittima 422 0$1001000001926 500 10$aXV secolo- Il Portogallo$942221 610 1 $aGeografia 610 1 $aScoperte geografiche 676 $a900$v20 700 1$aGargiulo,$bRaffaele$09916 801 0$aIT$bUNIPARTHENOPE$gRICA$2UNIMARC 912 $a000026981 951 $aRIMAS 900/9-2009$b[s.i.]$cPIST$d2010 996 $aXV secolo- Il Portogallo$942221 997 $aUNIPARTHENOPE LEADER 00976nam0-2200301 --450 001 9910281658903321 005 20180807084012.0 010 $a978-88-8334-920-1 020 $aIT$b2013-2345 100 $a20180807d2013----kmuy0itay5050 ba 101 0 $aita 102 $aIT 105 $a 001yy 200 1 $aAttentato alla Sinagoga$eRoma, 9 ottobre 1982$eil conflitto israelo-palestinese e l'Italia$fArturo Marzano, Guri Schwarz 210 $aRoma$cViella$d2013 215 $a237 p.$cill.$d22 cm 225 1 $a<>storia. Temi$v30 610 0 $aSinagoga di Roma$aAttentati [da parte dei] Terroristi palestinesi$a1982 676 $a364.15230945632$v22$zita 700 1$aMarzano,$bArturo$f<1973->$0619638 701 1$aSchwarz,$bGuri$0473918 801 0$aIT$bUNINA$gREICAT$2UNIMARC 901 $aBK 912 $a9910281658903321 952 $aCOLLEZ. 2223 (30)$b1364/2018$fFSPBC 959 $aFSPBC 996 $aAttentato alla Sinagoga$91078021 997 $aUNINA